Cultura generale #1 - Statistics

Statistiche generali
  • Questo quiz è stato fatto 68 volte
  • Il punteggio medio è 8 su 20
Statistiche sulle risposte
Domanda Risposta % Corretto
Quanti sono i numeri della tombola? 90
89%
In quale lingua Francesca Michielin cantò "Nessun grado di separazione" all'Eurovision Song Contest 2016? Inglese
85%
Che cosa provoca un preparato soporifero? Sonno
72%
In quale città si tennero le Olimpiadi Invernali del 2006? Torino
68%
Chi è la storica conduttrice di "Ballando con le stelle"? Milly Carlucci
60%
Qual è il colore del cappellino di Timmy Turner, protagonista del cartone animato "Due fantagenitori"? Rosa
58%
Con quale sigla è nota la squadra di calcio della città olandese di Alkmaar? AZ
57%
Lo złoty è la valuta ufficiale di quale Paese europeo? Polonia
57%
Quale branca della matematica studia il seno e il coseno degli angoli di un triangolo? Trigonometria
53%
In che anno avvenne la breccia di Porta Pia? 1870
43%
Fendt e John Deere sono tra i migliori marchi produttori di quali macchinari? Trattori
36%
"Questo di tanta speme oggi mi resta!" è un verso di un sonetto di quale poeta italiano? Ugo Foscolo
32%
Quale Gigi ha allenato la Nazionale Italiana U-21 di calcio dal 2013 al 2019? Di Biagio
30%
Chi cantava "Jamming"? Bob Marley
26%
Nel cartone animato, dove sono rinchiusi i quattro fratelli Dalton? Penitenziario
25%
Quale città altoatesina in tedesco è chiamata Sterzing? Vipiteno
15%
Qual è il femminile più corretto di "precursore"? Precorritrice
13%
Qual era la professione di Roland Garros, a cui è intitolato il torneo tennistico francese? Aviatore
11%
Com'è anche chiamato il fiore del rododendro? Azalea
2%
Termidoro, Fruttidoro e Germinale erano tre mesi di quale calendario di fine Settecento? Rivoluzionario francese | Repubblicano francese
2%
Nessun quiz corrispondente trovato
Distribuzione punteggi
Percentuale di utenti per punteggio
Percentile per numero di risposta
I tuoi punteggi nel tempo
Non hai fatto questo quiz